000 00637nam a2200217Ia 4500
005 20250508152750.0
008 008 250505s9999 xx 000 0 eng d
037 _aTextBook
040 _aFEDL
_beng
_cFEDL
041 _aeng
_2eng
084 _a371.42, MIL
_qFEDL
100 _aMiller Carroll H
_9140015
245 0 _aFoundations of guidance
260 _aNew York, USA
_bHarper and Brothers Publisher
_c1961
300 _axv,464p
365 _aINR
_b31.5
490 _aExploratory Series in Education
650 _aEducation; Vocational Guidance
_9760575
942 _cTB
_h371.42, MIL
999 _c1338610
_d1338610